000 00600nam a22001817a 4500
010 _a1718CH-EN
020 _a9781846883958
_c275.00
035 _aB-672999-3015
037 _aDPL
_bBloomsbury
082 _aN
100 _aVaughan, M.M.
245 _aSix /
_cby M.M.Vaughan
260 _bAlma Books
_aUK
_c2015
270 _a3 Castle Yard, Richmond, Surrey TW10 6 TF
_bUK
300 _a313p.
_c21cm(pbk)
942 _2ddc
_cCH
_mVAU
_hN
999 _c141734
_d141734